Logo BPK

Biblioteka

Politechniki Koszalińskiej

Sustainable water management in the Baltic Sea basin. (Rekord nr 50827)

Szczegóły MARC
000 -ETYKIETA REKORDU
podpole kontrolne o stałej długości 00866nam a2200265 i 4500
001 - NUMER KONTROLNY REKORDU
pole kontrolne bg
020 ## - MIĘDZYNARODOWY ZNORMALIZOWANY NUMER KSIĄŻKI - ISBN
ISBN 9197357928
040 ## - ŹRÓDŁO KATALOGOWANIA
Instytucja, która utworzyła rekord BPK
041 1# - KOD JĘZYKA
Kod języka tekstu eng
044 ## - KOD KRAJU WYDAWCY/PRODUCENTA
Kod kraju wydawcy/producenta SWE
080 ## - UNIWERSALNA KLASYFIKACJA DZIESIĘTNA - UKD
UKD 502:556
920 ## - Międzynarodowy znormalizowany numer książki – ISBN
ISBN 91-973579-2-8
008 - POLE O STAŁEJ DŁUGOŚCI - DANE KONTROLNE
podpole kontrolne o stałej długości 100824s1999 sv a |000 0 eng
245 00 - TYTUŁ/ODPOWIEDZIALNOŚĆ
Tytuł Sustainable water management in the Baltic Sea basin.
Oznaczenie części/sekcji dzieła Book 2,
Tytuł części/sekcji dzieła Water use and management /
Pozostałe elementy strefy tytułu i oznaczenia odpowiedzialności ed. Lars-Christer Lundin.
260 ## - STREFA ADRESU WYDAWNICZEGO
Miejsce wydania Uppsala :
Nazwa wydawcy/dystrybutora Uppsala University,
Data publikacji, dystrybucji/powstania dokumentu 1999.
300 ## - STREFA OPISU FIZYCZNEGO
Objętość 226 s. :
Inne cechy fizyczne il. ;
Rozmiary 30 cm.
490 1# - STREFA SERII I DOKUMENTU WIELOCZĘŚCIOWEGO - FORMA NIE DO WYSZUKIWANIA
Tytuł i oznaczenie odpowiedzialności serii A Baltic University Programme Publication
504 ## - UWAGA DOTYCZĄCA BIBLIOGRAFII
Informacje o bibliografii Bibliogr. s. 219-226.
650 #9 - HASŁO PRZEDMIOTOWE W FORMIE NAZWY OGÓLNEJ LUB JEDNOSTKOWEJ
Nazwa ogólna lub geograficzna Ochrona środowiska
Określnik geograficzny bałtycki, region
650 #9 - HASŁO PRZEDMIOTOWE W FORMIE NAZWY OGÓLNEJ LUB JEDNOSTKOWEJ
Nazwa ogólna lub geograficzna Woda
Określnik ogólny gospodarka
Określnik geograficzny bałtycki, region
650 #9 - HASŁO PRZEDMIOTOWE W FORMIE NAZWY OGÓLNEJ LUB JEDNOSTKOWEJ
Nazwa ogólna lub geograficzna Woda
Określnik ogólny ochrona
Określnik geograficzny bałtycki, region
700 1# - HASŁO DODATKOWE - NAZWA OSOBOWA
Nazwa osobowa Lundin, Lars-Christer.
Określenie związku między hasłem a opisywanym materiałem Red.
830 #0 - HASŁO DODATKOWE SERII LUB DOKUMENTU WIELOCZĘŚCIOWEGO - TYTUŁ UJEDNOLICONY
Tytuł ujednolicony A Baltic University Programme Publication
856 ## - LOKALIZACJA I DOSTĘP DO ELEKTRONICZNYCH DOKUMENTÓW ZDALNYCH
Link (URL) http://koha.tu.koszalin.pl/cgi-bin/koha/opac-detail.pl?biblionumber=50827
Tekst linku Katalog online BPK
942 ## - DODATKOWE ELEMENTY (KOHA)
Typ dokumentu Książka
Egzemplarze
Wycofany Status egzemplarza Uszkodzony Dostępność Lokalizacja stała Lokalizacja bieżąca Miejsce przechowywania Sygnatura Kod kreskowy Dział Typ dokumentu
      Tylko na miejscu Czytelnia Wydziału Elektroniki i Informatyki, Wydziału Architektury i Wzornictwa, Wydziału Inżynierii Mechanicznej i Energetyki oraz Wydziału Inżynierii Lądowej, Środowiska i Geodezji Czytelnia Wydziału Elektroniki i Informatyki, Wydziału Architektury i Wzornictwa, Wydziału Inżynierii Mechanicznej i Energetyki oraz Wydziału Inżynierii Lądowej, Środowiska i Geodezji Czytelnia Wydziałowa ul. Śniadeckich 2 S 983 02385419 502 Nauka o środowisku. Ochrona środowiska Książka
© 2023 Biblioteka Politechniki Koszalińskiej :: KOHA